000 00522nam a22002057a 4500
003 LK-CoDNM
005 20241121115245.0
008 241119b |||||||| |||| 00| 0 eng d
040 _aLK-CoDNM
_dLK-CoDNM
_eLK-CoDNM
041 _aeng
080 _aPB
_bE4.6
245 _aThe Buddhist 1964 December
_bNo:7
250 _aSila Pannanato Jayam
260 _c1964
_aColombo
_bY.M.B.A
300 _a16p. : ill , 27 cm
490 _vVol xxxv
650 _aPBE4.6
650 _aThe Buddhist 1964 December
942 _cBK
999 _c231688
_d231688